| 000 | 00624cam a22001817a 4500 | ||
|---|---|---|---|
| 008 | 180718b1991 xxu||||| |||| 00| 0 eng d | ||
| 082 | _aBA27x54 V231p | ||
| 100 | _aVanhanen, Tatu | ||
| 245 |
_aPolitics of ethnic nepotism _cby Tatu Vanhanen |
||
| 260 |
_aNew Delhi _bSterling _c1991 |
||
| 300 | _axii, 223p | ||
| 650 | _aIndia --Politics and government --1947- | ||
| 650 | _aIndia --Ethnic relations --Political aspects | ||
| 650 | _aCabinet system --India | ||
| 650 | _aFederal government --India | ||
| 650 | _aRepresentative government and representation --India | ||
| 650 | _aMinorities --India --Political activity | ||
| 999 |
_c422806 _d422806 |
||